Statistics for Countries that Competed in the First Summer Olympics (1896)

Click here to take the quiz!

General Stats

  • This quiz has been taken 335 times
  • The average score is 10 of 14

Answer Stats

athletescountry% Correct
14United States
98%
169Greece
97%
13France
96%
19Germany
94%
1Italy
92%
3Austria
82%
1Sweden
80%
7Hungary
73%
3Denmark
70%
3Switzerland
70%
1Australia
69%
10Great Britain
59%
1Bulgaria
48%
1Chile
19%

Score Distribution

Percentile by Number Answered

Percent of People with Each Score

Your Score History

You have not taken this quiz